Naval history

Detalles Bibliográficos
Autor Corporativo: United States Naval Institute
Formato: Electrónico Revista
Lenguaje:inglés
Publicado: [Annapolis, MD] : U.S. Naval Institute
Materias:
Acceso en línea:Full text available from Research Library: 04/01/1987 to 08/31/2017

MARC

LEADER 00000nas a2200000 a 4500
001 ssj0005633
003 WaSeSS
005 20200512172242.0
006 m d
007 cr n
008 050822c19879999mdubr pss o f0 a0eng
010 |a  2012203419 
022 |a 2324-6081  |y 1042-1920 
035 |a (WaSeSS)ssj0005633 
040 |a OCLCS  |b eng  |c OCLCS  |d OCLCS  |d TXJ  |d CO3  |d OCLCQ  |d DLC  |d OCLCQ  |d OCLCF  |d OCLCA  |d VT2  |d OCLCQ  |d WaSeSS 
042 |a pcc  |a nsdp 
043 |a n-us--- 
050 1 4 |a V27  |b .N35 
082 0 4 |a 359/.00973  |2 19 
130 0 |a Naval history (Online) 
222 0 |a Naval history  |b (Online) 
245 1 0 |a Naval history  |h [electronic resource]. 
260 |a [Annapolis, MD] :  |b U.S. Naval Institute 
310 |a Bimonthly,  |b Feb. 2003- 
321 |a Quarterly,  |b Apr. 1987-<Dec. 2002> 
362 1 |a Print began with v. 1/1/1 (Apr. 1987). 
506 |a License restrictions may limit access. 
515 |a Issue for Apr. 1987 called also premier issue. 
538 |a Mode of access: World Wide Web. 
588 |a Description based on print version record. 
588 |a Latest issue consulted: Vol. 26, no. 5 (Oct. 2012) (publisher's Web site viewed Sept. 20, 2012). 
610 1 0 |a United States.  |b Navy  |x History  |v Periodicals. 
610 1 7 |a United States.  |b Navy.  |2 fast  |0 (OCoLC)fst00533204 
650 0 |a Naval history  |v Periodicals. 
650 7 |a Naval history.  |2 fast  |0 (OCoLC)fst01035004 
651 0 |a United States  |x History, Naval  |v Periodicals. 
651 7 |a United States.  |2 fast  |0 (OCoLC)fst01204155 
655 0 |a Electronic journals. 
710 2 |a United States Naval Institute. 
776 1 |t Naval history  |x 1042-1920  |w (DLC) 87658336  |w (OCoLC)16311980 
856 4 0 |z Full text available from Research Library: 04/01/1987 to 08/31/2017  |u https://search.proquest.com/publication/44300